| 000 | 01963naa a22003497a 4500 | ||
|---|---|---|---|
| 001 | BR8401031 | ||
| 003 | BR-BrBNA | ||
| 005 | 20250721154432.0 | ||
| 007 | ta | ||
| 008 | 250630b bl.|||m| |||| 00| 0 por d | ||
| 040 |
_aBR-BrBNA _bpor _cBiblioteca Nacional de Agricultura |
||
| 041 | _a(Pt) | ||
| 072 |
_aL73 _b5300 _b4110 |
||
| 090 | _aL73 BR8401031 | ||
| 100 | 1 | _aBrito Filho, J.R. | |
| 100 | 1 | _aBrito, M.A.V.P. | |
| 111 | 1 |
_a3. Simposio do Centro Nacional de Pesquisa de Suinos e Aves; 2. Simposio Catarinense de Sanidade Suina _cConcordia, SC (Brazil) _d7-11 Nov 1983 |
|
| 245 | 1 | _aPossibilidades de utilizacao da inunoprofilaxia no controle das infeccoes causadas por Bordetella bronchiseptica, Pasteurella multocida e Haemophilus pleuropneumoniae [suino, bacteria, rinite, pleuropneumonia, vacina, imunidade] | |
| 246 | 1 | _a[Possibilities of using immunoprophylaxis in the control of infectious diseases caused by Bordetella bronchiseptica, Pausteurella multocida and Haemophilus pleuropneumoniae [swine, bacterium, rhinitis, pleuropneumonia, vaccine, immunity]] | |
| 246 | 1 | _a[Annals of the 3. Symposium of the National Center of Swine and Poultry Research and of the 2. Swine Health Symposium of Santa Catarina] | |
| 500 | _aAnais do 3. Simposio do Centro Nacional de Pesquisa de Suinos e Aves e do 2. Simposio Catarinense de Sanidade Suina Concordia, SC (Brasil): 1983. p. 239-260 [Summary (Pt); Bibliography p. 252-260 (62 ref.)] (BR8401031-AMS) | ||
| 773 | 0 |
_tAnais do 3. Simposio do Centro Nacional de Pesquisa de Suinos e Aves e do 2. Simposio Catarinense de Sanidade Suina _wL73 BR8401031 _gConcordia, SC (Brasil), 1983. p. 239-260 |
|
| 650 | _aSUINO | ||
| 650 | _aBACTERIA | ||
| 650 | _aRINITE | ||
| 650 | _aPLEUROPNEUMONIA | ||
| 650 | _aVACINA | ||
| 650 | _aIMUNIDADE | ||
| 490 |
_aDocumentos - Centro Nacional de Pesquisa de Suinos e Aves (Brazil) _vno. 7 |
||
| 942 |
_cAMS _2AGRIS |
||
| 909 |
_a202506 _bLúcia _c55 _dLúcia Elande |
||
| 999 |
_c334740 _d334740 |
||